[Event "Lille Luce op 6th"]
[White "Van Foreest, Machteld"]
[Black "Cardon, Pierre"]
[Site "Lille"]
[Round "4"]
[Result "0-1"]
[Date "2015.05.06"]
[WhiteElo "1420"]
[BlackElo "1863"]
[PlyCount "98"]
[EventDate "2015.05.04"]
[EventType "swiss"]
[EventRounds "9"]
[EventCountry "FRA"]
[SourceTitle "EXT 2017"]
[Source "ChessBase"]
[SourceDate "2016.10.25"]
[SourceVersion "1"]
[SourceVersionDate "2016.10.25"]
[SourceQuality "1"]

1. e4 d6 2. d4 c6 3. Nf3 Qc7 4. Nc3 Bg4 5. Bc4 Nf6 6. Bg5 Nbd7 7. h3 Bh5 8. Qd2 e5 9. 0-0-0 b5 10. Bb3 a5 11. dxe5 dxe5 12. a4 b4 13. Ne2 Nxe4 14. Qe3 Nec5 15. Ng3 Bg6 16. Rhe1 f6 17. Bh4 0-0-0 18. Nd2 Nb6 19. Nc4 Nd5 20. Qf3 Kb8 21. Ba2 Nxa4 22. Ne4 Nc5 23. Nxc5 Bxc5 24. Qb3 Nb6 25. Nxa5 Rxd1+ 26. Rxd1 Be4 27. Nc4 Bd5 28. Qd3 Bxg2 29. Nxb6 Bxb6 30. Qg3 Be4 31. Rg1 Bg6 32. Qg4 Qe7 33. Rd1 Rd8 34. Rxd8+ Bxd8 35. Qc4 Kb7 36. Bb3 Bb6 37. Ba4 Qd6 38. Qg8 Qc7 39. Qc4 c5 40. Bg3 Bf7 41. Qe4+ Ka7 42. Qxh7 Bd5 43. Qf5 c4 44. h4 c3 45. b3 Bb7 46. h5 Qd6 47. Qg4 Qd2+ 48. Kb1 Qe1+ 49. Ka2 Qc1 0-1

[Event "Lille Luce op 3rd"]
[White "Cardon, Pierre"]
[Black "Mautin, Arthur"]
[Site "Lille"]
[Round "5"]
[Result "1-0"]
[Date "2012.04.26"]
[WhiteElo "1906"]
[BlackElo "1392"]
[PlyCount "59"]
[EventDate "2012.04.23"]
[EventType "swiss"]
[EventRounds "8"]
[EventCountry "FRA"]
[SourceTitle "CBM 148 Extra"]
[Source "ChessBase"]
[SourceDate "2012.06.22"]
[SourceVersion "1"]
[SourceVersionDate "2012.06.22"]
[SourceQuality "1"]

1. d4 d5 2. c4 c6 3. e3 Nf6 4. Nc3 e6 5. Nf3 Nbd7 6. a3 Bd6 7. b4 0-0 8. Bb2 dxc4 9. Bxc4 b5 10. Bd3 Bb7 11. 0-0 Qe7 12. e4 Bc7 13. Qc2 e5 14. Nxb5 cxb5 15. Qxc7 Bxe4 16. Bxe4 Nxe4 17. Nxe5 Nef6 18. Rfe1 Rfc8 19. Qb7 Rcb8 20. Qf3 Rc8 21. Nc6 Qd6 22. Ne7+ Kf8 23. Nxc8 Rxc8 24. Rac1 Rd8 25. Qb7 a6 26. Rc8 Nb6 27. Rc6 Qf4 28. Qe7+ Kg8 29. Qxd8+ Ne8 30. Qxe8# 1-0

[Event "La Fere op"]
[White "Cardon, Pierre"]
[Black "Delias, Gerard"]
[Site "La Fere"]
[Round "6"]
[Result "1-0"]
[Date "2010.07.07"]
[WhiteElo "1880"]
[BlackElo "1493"]
[PlyCount "65"]
[EventDate "2010.07.03"]
[EventType "swiss"]
[EventRounds "9"]
[EventCountry "FRA"]
[SourceTitle "CBM 137 Extra"]
[Source "ChessBase"]
[SourceDate "2010.09.01"]
[SourceVersion "1"]
[SourceVersionDate "2010.09.01"]
[SourceQuality "1"]

1. d4 Nf6 2. c4 e6 3. Nc3 Bb4 4. Qc2 c5 5. e3 0-0 6. Bd3 d5 7. Nge2 Nc6 8. cxd5 exd5 9. a3 c4 10. Bf5 Bxf5 11. Qxf5 Ba5 12. 0-0 Re8 13. Rb1 Bxc3 14. bxc3 Na5 15. Rb4 b6 16. a4 Rb8 17. f3 Nb3 18. Kf2 Qe7 19. Re1 a6 20. Qc2 Nh5 21. Ng3 Nf4 22. Rd1 Nxc1 23. Qxc1 Nd3+ 24. Rxd3 cxd3 25. Qd2 Qc7 26. Qxd3 Rec8 27. Ne2 a5 28. Rb5 Qd7 29. Qb1 Qd8 30. g3 g6 31. Qb3 Rc4 32. Nf4 Qd7 33. Nxd5 1-0

[Event "La Fere op"]
[White "Fomichenko, Svetlana"]
[Black "Cardon, Pierre"]
[Site "La Fere"]
[Round "1"]
[Result "1-0"]
[Date "2010.07.03"]
[WhiteElo "2218"]
[BlackElo "1880"]
[PlyCount "32"]
[EventDate "2010.07.03"]
[EventType "swiss"]
[EventRounds "9"]
[EventCountry "FRA"]
[SourceTitle "CBM 137 Extra"]
[Source "ChessBase"]
[SourceDate "2010.09.01"]
[SourceVersion "1"]
[SourceVersionDate "2010.09.01"]
[SourceQuality "1"]

1. e4 c5 2. Nf3 g6 3. d4 Bg7 4. Nc3 Nc6 5. dxc5 Bxc3+ 6. bxc3 Qa5 7. Bb2 Qxc5 8. Bd3 d6 9. Qd2 Nf6 10. 0-0 0-0 11. h3 b5 12. Qh6 Rb8 13. Ng5 e5 14. Kh1 Ne7 15. f4 Kh8 16. Qxf8+ Neg8 1-0

[Event "Fenain op"]
[White "Cardon, Pierre"]
[Black "Przymusinski, Nicolas"]
[Site "Fenain"]
[Round "1.6"]
[Result "1-0"]
[Date "2007.02.24"]
[WhiteElo "1795"]
[BlackElo "2049"]
[PlyCount "35"]
[EventDate "2007.02.24"]
[EventType "swiss"]
[EventRounds "7"]
[EventCountry "FRA"]
[SourceTitle "CBM 117 Extra"]
[Source "ChessBase"]
[SourceDate "2007.05.09"]
[SourceVersion "1"]
[SourceVersionDate "2007.05.09"]
[SourceQuality "1"]

1. d4 Nf6 2. Nf3 c5 3. c3 d5 4. Bg5 Qb6 5. Qc2 Ne4 6. dxc5 Qxc5 7. Be3 Qc7 8. Nbd2 Nf6 9. Bg5 Nbd7 10. e4 e6 11. exd5 Nxd5 12. Bc4 N7b6 13. Bd3 h6 14. Bh4 Nf4 15. 0-0 Nxd3 16. Qxd3 Bd7 17. Bg3 Qc6 18. Ne4 1-0

[Event "FRA-ch op-A"]
[White "Pialot, Florent"]
[Black "Cardon, Pierre"]
[Site "Reims"]
[Round "9"]
[Result "1/2-1/2"]
[Date "2004.04.25"]
[WhiteElo "1760"]
[BlackElo "1810"]
[PlyCount "63"]
[EventDate "2004.04.??"]
[EventType "swiss"]
[EventRounds "9"]
[EventCountry "FRA"]
[SourceTitle "EXT 2005"]
[Source "ChessBase"]
[SourceDate "2004.11.15"]
[SourceVersion "1"]
[SourceVersionDate "2004.11.15"]
[SourceQuality "1"]

1. e4 e6 2. d4 d5 3. Nc3 c5 4. exd5 exd5 5. dxc5 d4 6. Ne4 Nf6 7. Nd6+ Bxd6 8. cxd6 Qxd6 9. Nf3 Nc6 10. c3 Qe7+ 11. Qe2 Qxe2+ 12. Bxe2 dxc3 13. bxc3 0-0 14. 0-0 Re8 15. Re1 Nd5 16. Bb2 Nf4 17. Bc4 Rxe1+ 18. Rxe1 Be6 19. Bxe6 Nxe6 20. Nd4 Ncxd4 21. cxd4 Rd8 22. g3 h6 23. Rd1 Rd5 24. Rd2 Kf8 25. Kg2 Ke7 26. f4 a5 27. a4 Nc7 28. Bc3 Kd7 29. Kf3 f5 30. Rb2 Kc6 31. Rc2 Kd6 32. Rb2 1/2-1/2

[Event "FRA-ch op-A"]
[White "Cardon, Pierre"]
[Black "Azouit, Remi"]
[Site "Reims"]
[Round "8"]
[Result "1/2-1/2"]
[Date "2004.04.24"]
[WhiteElo "1810"]
[BlackElo "1850"]
[PlyCount "106"]
[EventDate "2004.04.??"]
[EventType "swiss"]
[EventRounds "9"]
[EventCountry "FRA"]
[SourceTitle "EXT 2005"]
[Source "ChessBase"]
[SourceDate "2004.11.15"]
[SourceVersion "1"]
[SourceVersionDate "2004.11.15"]
[SourceQuality "1"]

1. d4 d6 2. c4 e5 3. d5 g6 4. e4 Bg7 5. Nc3 Nf6 6. f3 Nbd7 7. Be3 0-0 8. Bd3 c5 9. Nge2 Nb8 10. a3 Na6 11. Nb5 Nc7 12. Nxc7 Qxc7 13. b4 b6 14. Nc3 Nh5 15. bxc5 bxc5 16. 0-0 f5 17. Bc2 Nf4 18. Rb1 Qe7 19. Ba4 Qg5 20. Bxf4 exf4 21. Bc6 Bxc3 22. Bxa8 Ba6 23. Qa4 Bxc4 24. Qxc4 Bd4+ 25. Kh1 Rxa8 26. Qa6 fxe4 27. fxe4 Qe5 28. Rfe1 h6 29. Qc6 Re8 30. Rb7 Kf8 31. Rxa7 Bf2 32. Rf1 Be3 33. Rd7 Qxe4 34. Qxd6+ Re7 35. Qxe7+ Qxe7 36. Rxe7 Kxe7 37. a4 Kd6 38. a5 Kxd5 39. a6 Kc6 40. Rb1 c4 41. Ra1 Ba7 42. g3 f3 43. Ra3 f2 44. Kg2 Kb5 45. Rf3 Kxa6 46. Rf6+ Kb5 47. Rxg6 c3 48. Rg8 Be3 49. Rc8 Kb4 50. Kf1 Kb3 51. Ke2 c2 52. g4 Ba7 53. h4 c1R 1/2-1/2

[Event "FRA-ch op-A"]
[White "Bizien, Matthieu"]
[Black "Cardon, Pierre"]
[Site "Reims"]
[Round "5"]
[Result "1-0"]
[Date "2004.04.21"]
[WhiteElo "1990"]
[BlackElo "1810"]
[PlyCount "67"]
[EventDate "2004.04.??"]
[EventType "swiss"]
[EventRounds "9"]
[EventCountry "FRA"]
[SourceTitle "EXT 2005"]
[Source "ChessBase"]
[SourceDate "2004.11.15"]
[SourceVersion "1"]
[SourceVersionDate "2004.11.15"]
[SourceQuality "1"]

1. d4 d5 2. Nf3 Nf6 3. c3 Bf5 4. Bf4 Nbd7 5. e3 e6 6. Nbd2 h6 7. h3 Bd6 8. Ne5 0-0 9. Ndf3 Qe7 10. Be2 c5 11. 0-0 c4 12. Nd2 Rfc8 13. Qe1 b5 14. f3 Ne8 15. Qg3 f6 16. Ng6 Bxg6 17. Bxd6 Nxd6 18. Qxg6 e5 19. e4 exd4 20. cxd4 Nb6 21. Rfe1 Qf7 22. Qg3 Rd8 23. Bd1 b4 24. Bc2 Nb5 25. exd5 Qxd5 26. Re7 Qxd4+ 27. Kh1 f5 28. Bxf5 Qf6 29. Rae1 Rxd2 30. R1e6 Rd1+ 31. Kh2 Qf8 32. Qg6 Qb8+ 33. Re5 Qxe5+ 34. Rxe5 1-0

[Event "FRA-ch op-C"]
[White "Mollard, Anne"]
[Black "Cardon, Pierre"]
[Site "Aix les Bains"]
[Round "7"]
[Result "1/2-1/2"]
[Date "2003.08.26"]
[WhiteElo "1530"]
[BlackElo "1600"]
[PlyCount "44"]
[EventDate "2003.08.19"]
[EventType "swiss"]
[EventRounds "9"]
[EventCountry "FRA"]
[SourceTitle "EXT 2004"]
[Source "ChessBase"]
[SourceDate "2003.11.25"]
[SourceVersion "1"]
[SourceVersionDate "2003.11.25"]
[SourceQuality "1"]

1. d4 d5 2. c4 e6 3. Nc3 Nf6 4. Bg5 Nbd7 5. e3 c6 6. Nf3 Qa5 7. c5 Ne4 8. Qa4 Qxa4 9. Nxa4 Nxg5 10. Nxg5 g6 11. Nf3 Bg7 12. 0-0-0 b5 13. Nc3 a5 14. Bd3 0-0 15. h4 h5 16. Rde1 a4 17. a3 Ba6 18. Na2 Rfc8 19. Nb4 Kf8 20. Reg1 e5 21. Be2 e4 22. Nd2 f5 1/2-1/2

[Event "FRA-ch op-C"]
[White "Cardon, Pierre"]
[Black "Pillot, Antoine"]
[Site "Aix les Bains"]
[Round "6"]
[Result "0-1"]
[Date "2003.08.24"]
[WhiteElo "1600"]
[BlackElo "1690"]
[PlyCount "49"]
[EventDate "2003.08.19"]
[EventType "swiss"]
[EventRounds "9"]
[EventCountry "FRA"]
[SourceTitle "EXT 2004"]
[Source "ChessBase"]
[SourceDate "2003.11.25"]
[SourceVersion "1"]
[SourceVersionDate "2003.11.25"]
[SourceQuality "1"]

1. e4 e5 2. Nf3 Nc6 3. d4 exd4 4. Bc4 Nf6 5. 0-0 Bc5 6. Bg5 h6 7. Bh4 d6 8. Nbd2 Bg4 9. h3 Bh5 10. Bb5 Qd7 11. Bxf6 gxf6 12. Be2 Rg8 13. Kh1 0-0-0 14. Nh4 Bxe2 15. Qxe2 Ne5 16. Nf5 Ng6 17. Nb3 Rde8 18. Qd3 Ne5 19. Qd2 Rg6 20. Nbxd4 Bxd4 21. Qxd4 Kb8 22. Rfe1 Reg8 23. Nh4 Rxg2 24. Nf5 Nf3 25. Qd1 0-1